Click the State by MLB Teams - Statistics

General Stats
  • This quiz has been taken 92 times
    22 since last reset
  • The average score is 14 of 17
Answers on the Map
Answers color-coded by a green-red scale on the quiz's map according to % correct below.
 
Answer Stats
Answer % Correct
Athletics, Angels, Dodgers, Padres, Giants
94%
Rays, Marlins
94%
Twins
94%
Yankees, Mets
94%
Astros, Rangers
89%
Diamondbacks
89%
Rockies
89%
Guardians, Reds
83%
Mariners
83%
Phillies, Pirates
83%
Red Sox
83%
Braves
78%
Orioles
78%
Tigers
78%
White Sox, Cubs
78%
Brewers
72%
Royals, Cardinals
72%
No matching quizzes found
Score Distribution
Percent of People with Each Score
Percentile by Number Answered
Your Score History
You have not taken this quiz since the last reset